[Event "CAN-ch U14"]
[Site "Windsor"]
[Date "2010.07.09"]
[Round "7"]
[White "Granville, Matt"]
[Black "Schneider, Corin"]
[Result "0-1"]
[WhiteElo "893"]
[BlackElo "1630"]
[PlyCount "56"]
[EventDate "2010.07.06"]
[EventType "swiss"]
[EventRounds "7"]
[EventCountry "CAN"]
[SourceTitle "EXT 2012"]
[Source "ChessBase"]
[SourceDate "2011.11.24"]
[SourceVersion "1"]
[SourceVersionDate "2011.11.24"]
[SourceQuality "1"]

1. e3 e5 2. Bc4 d5 3. Bb5+ Bd7 4. Be2 Nc6 5. Bh5 g6 6. Be2 Bg7 7. h4 Nf6 8. a4 Qe7 9. Ra3 0-0-0 10. Nf3 h5 11. Nc3 Ng4 12. Nxd5 Qc5 13. b3 Qxd5 14. d3 Rhe8 15. e4 Qd6 16. Bg5 Qxa3 17. Bc1 Qc5 18. Qd2 Qxf2+ 19. Kd1 Bh6 20. Qc3 Bxc1 21. a5 Qe3 22. a6 Nf2+ 23. Ke1 Nxh1 24. d4 Qxc3+ 25. Kd1 Nb4 26. axb7+ Kxb7 27. Nxe5 Nf2+ 28. Kxc1 Qxc2# 0-1